000 00527nam a2200181Ia 4500
008 090124s9999 xx 000 0 und d
082 _b24455
100 _aचव्हाण यशवंतराव
245 _a यशोधन
250 _a2
260 _bसाकेत प्रकाशन
_c1986
300 _a60
600 _aचव्हाण यशवंतराव
630 _a यशोधन
700 _aचव्हाण यशवंतराव
730 _a यशोधन
942 _cBOOK
999 _c92793
_d92793